| 000 | 00693 a2200217 4500 | ||
|---|---|---|---|
| 003 | UA-OsUOA | ||
| 005 | 20260429155756.0 | ||
| 008 | 260429b un ||||| |||| 00| 0 ukr d | ||
| 040 |
_aUA-OsUOA _beng _cUA-OsUOA _dUA-OsUOA |
||
| 041 | _aeng | ||
| 080 | _a82-34 | ||
| 090 |
_a82-34 _bL12 |
||
| 100 |
_aLacroix M. _925137 |
||
| 245 |
_aTales of Love and Loss _cMelissa Morelli Lacroix & Adrian Lysenko |
||
| 260 | _bShevchenko Foundation | ||
| 300 | _a9 p. | ||
| 650 |
_2UDC _a82 Література. Літературознавство _915 |
||
| 942 |
_cBR _2udc |
||
| 955 | _a3 | ||
| 999 |
_c580621 _d580621 |
||